Top 100 USA Boy Names: 1922-2021 - Statistics

General Stats
  • This quiz has been taken 272 times
  • The average score is 59 of 100
Answer Stats
HINT ANSWER % Correct
3 J John
98%
31 J Jacob
94%
1 J James
94%
4 M Michael
94%
86 W Willie
93%
2 R Robert
92%
6 W William
92%
48 J Jack
90%
9 T Thomas
90%
87 A Alan
87%
5 D David
87%
80 B Billy
86%
7 R Richard
86%
97 B Bobby
85%
18 P Paul
84%
10 C Charles
83%
24 G George
83%
8 J Joseph
83%
56 H Henry
82%
59 P Peter
82%
11 C Christopher
81%
12 D Daniel
81%
81 J Joe
80%
36 S Stephen
79%
16 D Donald
78%
15 M Mark
78%
13 M Matthew
78%
17 S Steven
78%
19 A Andrew
75%
22 K Kevin
75%
25 T Timothy
73%
27 E Edward
72%
45 F Frank
72%
42 S Samuel
72%
70 H Harold
71%
26 R Ronald
71%
23 B Brian
70%
79 B Bryan
70%
41 B Benjamin
69%
21 K Kenneth
68%
44 A Alexander
67%
58 Z Zachary
67%
53 J Jose
64%
33 N Nicholas
64%
30 R Ryan
64%
20 J Joshua
63%
35 J Jonathan
62%
43 G Gregory
61%
54 A Adam
60%
14 A Anthony
60%
55 N Nathan
59%
29 J Jeffrey
58%
28 J Jason
57%
46 P Patrick
57%
99 P Philip
57%
38 J Justin
56%
75 L Lawrence
54%
62 W Walter
54%
52 A Aaron
53%
32 G Gary
53%
73 C Carl
51%
61 E Ethan
51%
60 K Kyle
51%
85 A Albert
50%
34 E Eric
50%
64 J Jeremy
50%
71 S Sean
50%
78 J Jordan
49%
63 N Noah
49%
40 B Brandon
45%
50 J Jerry
44%
37 L Larry
44%
51 T Tyler
44%
47 R Raymond
43%
74 A Arthur
42%
100 L Louis
40%
93 V Vincent
40%
65 C Christian
39%
76 D Dylan
39%
66 K Keith
39%
67 R Roger
39%
39 S Scott
39%
49 D Dennis
38%
90 E Elijah
38%
69 G Gerald
37%
88 J Juan
37%
83 G Gabriel
30%
98 M Mason
30%
84 L Logan
29%
57 D Douglas
28%
77 J Jesse
26%
82 B Bruce
25%
68 T Terry
25%
89 W Wayne
24%
72 A Austin
23%
96 R Russell
22%
94 R Ralph
21%
92 R Roy
21%
91 R Randy
20%
95 E Eugene
13%
No matching quizzes found
Score Distribution
Percent of People with Each Score
Percentile by Number Answered
Your Score History
You have not taken this quiz